| 000 | 00000nam 2200000zi 4500 |
| 001 | 9.931893 |
| 003 | CaOODSP |
| 005 | 20241118150604 |
| 006 | m o d f |
| 007 | cr |n||||||||| |
| 008 | 231229e199003##qucd ob f|0| 0 fre d |
| 040 | |aCaOODSP|bfre|erda|cCaOODSP |
| 043 | |an-cn-qu |
| 086 | 1 |aCW66-1450/1990F-PDF |
| 100 | 1 |aCoderre, Daniel, |eauteur. |
| 245 | 10|aEffets de l'insecticide chlorpyriphos sur l'abondance, la biomasse et la diversité de la communauté lombricienne en milieu urbain : |brapport final / |cDaniel Coderre. |
| 264 | 1|a[Sainte-Foy, Québec] : |bService canadien de la faune, |cmars 1990. |
| 300 | |a1 ressource en ligne (30 pages) : |bgraphiques |
| 336 | |atexte|btxt|2rdacontent/fre |
| 337 | |ainformatique|bc|2rdamedia/fre |
| 338 | |aressource en ligne|bcr|2rdacarrier/fre |
| 500 | |aÉdition numérisée de l’imprimé [par Environnement et changement climatique Canada]. |
| 504 | |aComprend des références bibliographiques (pages 26-30). |
| 650 | 0|aEarthworms|xEffect of insecticides on|zQuébec (Province) |
| 650 | 6|aVers de terre|xEffets des insecticides sur|zQuébec (Province) |
| 710 | 2 |aService canadien de la faune, |eorganisme de publication. |
| 710 | 2 |aDow Chemical Canada, |econsultant. |
| 710 | 2 |aG.R.E.B.E. inc., |econsultant. |
| 856 | 40|qPDF|s899 Ko|uhttps://publications.gc.ca/collections/collection_2024/eccc/cw66/CW66-1450-1990-fra.pdf |